000 00610cam a2200205 4500500
005 20260405002532.0
041 _afre
042 _adc
100 1 0 _aPortevin, Catherine
_eauthor
245 0 0 _aMains : Ce que nous faisons d’elles et pourquoi
260 _c2017.
500 _a24
690 _aDarian Leader
690 _aMain
690 _aNumérique
690 _aOutil
690 _aSmartphone
786 0 _nPhilosophie magazine | 112 | 9 | 2017-09-01 | p. 51-51 | 1951-1787
856 4 1 _uhttps://shs.cairn.info/magazine-philosophie-magazine-2017-9-page-51?lang=fr&redirect-ssocas=7080
999 _c2058621
_d2058621